000 00534nam a2200157 4500
001 131468
003 ES-MaACL
007 t|
008 070214s1984 sp r ||||1| spa d
100 1 _aRodríguez Devesa, Carlos.
_998491
245 1 3 _aLa extinción del contrato de trabajo y su jurisprudencia /
_cCarlos Rodríguez Devesa, Juan Carlos Rodríguez Hergueta.
260 _aPamplona :
_bAranzadi,
_c1984.
300 _a890 p. ;
_c20 cm.
700 1 _aRodríguez Hergueta, Juan Carlos.
_998571
852 _aES-MaACL
_jL-7506
_bR.108049
999 _c131468
_d131468